Statistics for Top 3 cities in various English counties

Click here to take the quiz!

General Stats

  • This quiz has been taken 28 times
  • The average score is 9 of 15

Answer Stats

HintAnswer% Correct
Exeter
93%
HerefordshireHereford
89%
DevonPlymouth
85%
BedfordshireLuton
78%
Bedford
74%
Preston
74%
LancashireBlackpool
67%
Colchester
67%
Blackburn
63%
Chelmsford
63%
EssexSouthend
63%
Torquay
63%
Dunstable
19%
Ross-on-Wye
19%
Leominster
7%

Score Distribution

Percentile by Number Answered

Percent of People with Each Score

Your Score History

You have not taken this quiz